ਨਿਬੰਧ ਮਾਲਾ (Record no. 388071)
[ view plain ]
| 000 -LEADER | |
|---|---|
| fixed length control field | 00477nam a2200169Ia 4500 |
| 003 - CONTROL NUMBER IDENTIFIER | |
| control field | OSt |
| 005 - DATE AND TIME OF LATEST TRANSACTION | |
| control field | 20260112143035.0 |
| 008 - FIXED-LENGTH DATA ELEMENTS--GENERAL INFORMATION | |
| fixed length control field | Pun |
| 037 ## - SOURCE OF ACQUISITION | |
| Terms of availability | Textual |
| 040 ## - CATALOGING SOURCE | |
| Original cataloging agency | ARTS |
| Transcribing agency | ARTS |
| Language of cataloging | Pun |
| 041 ## - LANGUAGE CODE | |
| Source of code | Pun |
| Language code of text/sound track or separate title | Pun |
| 084 ## - COLON CLASSIFICATION NUMBER | |
| Assigning agency | TB |
| 245 #0 - TITLE STATEMENT | |
| Title | ਨਿਬੰਧ ਮਾਲਾ |
| 260 ## - PUBLICATION, DISTRIBUTION, ETC. | |
| Date of publication, distribution, etc. | 1963. |
| Name of publisher, distributor, etc. | ਸਾਹਿਤ ਅਕੈਡਮੀ, |
| 942 ## - ADDED ENTRY ELEMENTS (KOHA) | |
| Classification part | O157,6M61x, 153K3.1-.2 |
| Koha item type | Textbook |
| Source of classification or shelving scheme | Colon Classification (CC) |
| Suppress in OPAC | No |
| Withdrawn status | Lost status | Damaged status | Not for loan | Home library | Current library | Date acquired | Total Checkouts | Full call number | Barcode | Date last seen | Price effective from | Koha item type | Source of classification or shelving scheme | Source of acquisition | Cost, normal purchase price | Serial Enumeration / chronology | Inventory number |
|---|---|---|---|---|---|---|---|---|---|---|---|---|---|---|---|---|---|
| Arts Library | Arts Library | 2022-09-23 | O157,6M61x 153K3.1 | AL1057651 | 2022-09-23 | 2022-09-23 | Textual | ||||||||||
| Withdrawn | Arts Library | Arts Library | 2026-01-12 | O157,6M61x 153K3.2 | AL1057652 | 2026-01-12 | 2026-01-12 | Textbook | Colon Classification (CC) | Aman Pub. | 20.00 | Vol. 2 | 459/28.12.1993 |
